000 00895cam a22002894a 4500
001 1212297
003 0
005 20170412125411.0
008 990114s2000 nyua b 001 0 eng
010 _a 99013595
020 _a0321056876
020 _a9780321056870
040 _cSPU
042 _apcc
050 0 0 _aHF5548.8
_b.R47 2000
100 1 _aRiggio, Ronald E.
245 1 0 _aIntroduction to industrial/organizational psychology /
_cRonald E. Riggio ; consulting editor, Lyman W. Porter.
246 3 0 _aIndustrial/organizational psychology
250 _a3rd ed.
260 _aUpper Saddle River, N.J. :
_bPrentice Hall,
_cc2000.
300 _axx, 586 p. :
_bill. ;
_c25 cm.
504 _aIncludes bibliographical references (p. 513-560) and index.
650 0 _aPsychology, Industrial.
650 0 _aOrganizational change.
700 1 _aPorter, Lyman W.
942 _2lcc
_cBK
999 _c49959
_d49959